| 000 | 00758nam a22002297a 4500 | ||
|---|---|---|---|
| 003 | OSt | ||
| 005 | 20260512090658.0 | ||
| 008 | 260512b |||||||| |||| 00| 0 eng d | ||
| 020 | _a9780241684283 | ||
| 040 | _aKenya National Library Service | ||
| 082 | _a791.4375 INC | ||
| 245 | _aThe Incredibles and The Incredibles 2. | ||
| 300 |
_a29 pages : _bcolour illustrations ; _c23 cm. |
||
| 490 | _aPixar : the ultimate collection. | ||
| 500 | _aIssued as part of Pixar: The Ultimate Collection boxed set. | ||
| 500 | _aEach book in the set has a separate barcode. | ||
| 650 |
_aAnimated films _vJuvenile literature. |
||
| 650 |
_aSuperheroes _vJuvenile literature. |
||
| 942 |
_2ddc _cBK _n0 |
||
| 999 |
_c492690 _d492690 |
||